=LDR 00000nam 2200000 4500 =001 INLIS000000000049677 =005 20170313150704.0 =006 =007 =008 =035 ##$$0010-031700000000122 =082 ##$$a 808.1 =090 ##$$a 808.1 Pra m =100 ##$$a Rachmat Djoko Pradopo =245 ##$$a Mitos Kentut Semar =260 ##$$a Pustak Pelajar =300 ##$$a 156 hlm. =850 ##$$a NBPMAT